Normal view
MARC view
- Content area reading.
Entry Topical Term
001 - CONTROL NUMBER
- control field: 9254
003 - CONTROL NUMBER IDENTIFIER
- control field: OSt
005 - DATE AND TIME OF LATEST TRANSACTION
- control field: 20200917151831.0
008 - FIXED-LENGTH DATA ELEMENTS
- fixed length control field: 200917|| aca||aabn | a|a d
040 ## - CATALOGING SOURCE
- Original cataloging agency: OSt
- Transcribing agency: OSt
150 ## - HEADING--TOPICAL TERM
- Topical term or geographic name entry element: Content area reading.
670 ## - SOURCE DATA FOUND
- Source citation: Work cat.: (OSt): Ben Yudkin 1968 9251, Critical Reading :, 2006.

PORTAL AKMAL
E-MEL JKDM
AKMAL2U
G-BAM
u-PUSTAKA